书目信息 |
| 题名: |
世界经典趣味数学谜题
|
|
| 作者: | 杜德尼 , 劳埃德 著 ;金红梅 编译 | |
| 分册: | 思维训练 | |
| 出版信息: | 北京 中国青年出版社 2015 |
|
| 页数: | 224页 | |
| 开本: | 22cm | |
| 丛书名: | ||
| 单 册: | ||
| 中图分类: | O1 | |
| 科图分类: | ||
| 主题词: | 数学--普及读物 | |
| 电子资源: | ||
| ISBN: | 978-7-5153-2908-6 | |
| 000 | 00959nam0 2200253 450 | |
| 001 | 012015000215 | |
| 005 | 20151130091239.14 | |
| 010 | @a978-7-5153-2908-6@dCNY29.00 | |
| 100 | @a20150120d2015 demy0chiy50 ea | |
| 101 | 1 | @achi@ceng |
| 102 | @aCN@b110000 | |
| 105 | @aa z 000yy | |
| 106 | @ar | |
| 200 | 1 | @a世界经典趣味数学谜题@Ashi jie jing dian qu wei shu xue mi ti@i思维训练@f(英)亨利·杜德尼,(美)萨姆·劳埃德著@g金红梅等编译 |
| 210 | @a北京@c中国青年出版社@d2015 | |
| 215 | @a224页@c图@d22cm | |
| 330 | @a本书精选了各种趣味思维训练,并为这些趣题编写了详细的解题过程。全书包括:幻方问题、思维推理问题、筹码移动问题、棋盘数学问题等五个部分。 | |
| 606 | 0 | @a数学@j普及读物 |
| 690 | @aO1@v5 | |
| 701 | 1 | @c(英)@a杜德尼@Adu de ni@c(Dudeney, Henry Ernest@f1857-1930)@4著 |
| 701 | 1 | @c(美)@a劳埃德@Alao ai de@c(Loyd, Sam@f1841-1911)@4著 |
| 702 | 0 | @a金红梅@Ajin hong mei@4编译 |
| 801 | 0 | @aCN@b碧洲教育@c20151127 |
| 905 | @a10447@f6@dO1@e367 | |
| 世界经典趣味数学谜题.思维训练/(英)亨利·杜德尼,(美)萨姆·劳埃德著/金红梅等编译.-北京:中国青年出版社,2015 |
| 224页:图;22cm |
| ISBN 978-7-5153-2908-6:CNY29.00 |
| 本书精选了各种趣味思维训练,并为这些趣题编写了详细的解题过程。全书包括:幻方问题、思维推理问题、筹码移动问题、棋盘数学问题等五个部分。 |
| ● |
| 相关链接 |
|
|
|
|
正题名:世界经典趣味数学谜题
索取号:O1/367
 
预约/预借
| 序号 | 登录号 | 条形码 | 馆藏地/架位号 | 状态 | 备注 |
| 1 | 0871365 | 208713659 | 第二样本阅览室/ [索取号:O1/367] | 在馆 | |
| 2 | 0871366 | 208713668 | 第三借阅区/ [索取号:O1/367] | 在馆 | |
| 3 | 0871367 | 208713677 | 第三借阅区/ [索取号:O1/367] | 在馆 | |
| 4 | 0871376 | 208713766 | 第三借阅区/ [索取号:O1/367] | 在馆 | |
| 5 | 0871377 | 208713775 | 第三借阅区/ [索取号:O1/367] | 在馆 | |
| 6 | 0871378 | 208713784 | 第三借阅区/ [索取号:O1/367] | 在馆 |